| 000 | 00549nam a22001937a 4500 | ||
|---|---|---|---|
| 999 |
_c526675 _d526675 |
||
| 003 | NUST | ||
| 005 | 20190715070101.0 | ||
| 008 | 190715b ||||| |||| 00| 0 eng d | ||
| 020 | _qHardcover. | ||
| 038 | _awaseem | ||
| 082 |
_a891.4931 _bABU |
||
| 100 |
_aAbu, Bashir Anwar _917680 |
||
| 245 |
_aKalam Gaman Multani / _cBashir Anwar Abu |
||
| 260 |
_aMultan : _bSaraiki Adabi Board, _c2006. |
||
| 300 | _a148 p. ; | ||
| 880 |
_6100-01\r _aبشیرانورابو |
||
| 880 |
_6245-02/r _a کلام گامن ملتانی / |
||
| 942 |
_2ddc _cBK |
||